书目信息 |
| 题名: |
这样读书就够了
|
|
| 作者: | 赵周 著 | |
| 分册: | ||
| 出版信息: | 北京 中信出版集团股份有限公司 2017 |
|
| 页数: | 23,306页 | |
| 开本: | 21cm | |
| 丛书名: | ||
| 单 册: | ||
| 中图分类: | G792-49 | |
| 科图分类: | ||
| 主题词: | 读书方法--通俗读物 | |
| 电子资源: | ||
| ISBN: | 978-7-5086-8247-1 | |
| 000 | 00936nam0 2200253 450 | |
| 001 | 0033367724 | |
| 005 | 20180131100013.0 | |
| 010 | @a978-7-5086-8247-1@b精装@dCNY48.00 | |
| 100 | @a20180131d2017 em y0chiy0120 ea | |
| 101 | 0 | @achi |
| 102 | @aCN@b110000 | |
| 105 | @aa z 000yy | |
| 106 | @ar | |
| 200 | 1 | @a这样读书就够了@9zhe yang du shu jiu gou le@e个人学习力升级指南@f赵周著@g |
| 210 | @a北京@c中信出版集团股份有限公司@d2017 | |
| 215 | @a23,306页@c图@d21cm | |
| 330 | @a本书是“拆书帮”拆书专家赵周的代表作品,描述了在群体进行的拆书帮现场学习中,学习者根据一本书中的片段知识,联系自己的经验,拆解出自己的案例,加工出自己的应用,从而提升相应能力的一系列过程及具体做法。 | |
| 517 | 1 | @a个人学习力升级指南@9ge ren xue xi li sheng ji zhi nan |
| 606 | 0 | @a读书方法@j通俗读物 |
| 690 | @aG792-49@v5 | |
| 701 | 0 | @a赵周@9zhao zhou@4著 |
| 801 | 0 | @aCN@bMUSE@c20181206@g |
| 905 | @aBZT@dG792-49@e1 | |
| 906 | @dCNY48.00@n3@r1 | |
| 这样读书就够了:个人学习力升级指南/赵周著.-北京:中信出版集团股份有限公司,2017 |
| 23,306页:图;21cm |
| ISBN 978-7-5086-8247-1(精装):CNY48.00 |
| 本书是“拆书帮”拆书专家赵周的代表作品,描述了在群体进行的拆书帮现场学习中,学习者根据一本书中的片段知识,联系自己的经验,拆解出自己的案例,加工出自己的应用,从而提升相应能力的一系列过程及具体做法。 |
| ● |
| 相关链接 |
|
|
|
正题名:这样读书就够了
索取号:G792-49/1
 
预约/预借
| 序号 | 登录号 | 条形码 | 馆藏地/架位号 | 状态 | 备注 |
| 1 | 856681 | 2000856681 | 第二书库/ [索取号:G792-49/1] | 在馆 | |
| 2 | 856682 | 2000856682 | 第二书库/ [索取号:G792-49/1] | 在馆 | |
| 3 | 856683 | 2000856683 | 第二书库/ [索取号:G792-49/1] | 在馆 |